000 01381nam a2200373 c 4500
999 _c50471
_d50471
001 50471
003 ES-MaCES
005 20210222104250.0
008 180115s2016 sp o000 | spa d
017 _aMU 1123-2016
_bDL
020 _a9788461753062
040 _aES-MaCES
_bspa
_cES-MaCES
100 1 _938880
_aVictoria Jumilla, Francisco
245 1 0 _aCompetitividad y cambio climático
_b: informe para el Consejo Económico y Social de la Región de Murcia
_cFrancisco Victoria Jumilla
260 _aMurcia
_bConsejo Económico y Social de la Región de Murcia
_c2016
300 _a144 p.
_bgráf., mapas col.
_c24 cm
490 1 _aColección Cuadernos
_v1
541 _cGratuito
650 4 _acompetitividad
_928270
650 4 _acambio climático
_930961
650 4 _aevaluación del impacto ambiental
_930344
650 4 _adegradación del medio ambiente
_930722
650 4 _asector económico
_930015
650 4 _aempresa
_928178
650 4 _afamilia
_927318
650 4 _adesarrollo sostenible
_930785
650 4 _aplan de acción
_930406
650 4 _aMurcia (Comunidad Autónoma)
_930881
653 1 0 _aMedio ambiente
710 1 _aConsejo Económico y Social de la Región de Murcia
_eed.
_92442
830 0 _aColección Cuadernos (Consejo Económico y Social de la Región de Murcia)
_v1
_938879
902 _aLIB Libro
942 _2CES
_cBK
_h4.2.